000 00344nam a22001337a 4500
020 _a9780070655690
082 _a663
_bSUD/Fo
100 _aSudhir, Andrews
_9196
245 _aFood and beverage service: a training manual
250 _a2
260 _aNew Delhi
_bTata McGrawhill Education private Limited
_c2009
300 _a392p
942 _cBK
999 _c14781
_d14781